<An> empirical analysis of software and hardware spending.
Empirická analýza rastu rozpočtov informačných systémov, ako sa prejavujú v ich hlavných komponentoch, hardware a software. Z makroekonomického hľadiska rastú náklady na hardware i software exponenciálne, a to rovnakou rýchlosťou.
Na minha lista:
| Autor principal: | |
|---|---|
| Outros Autores: | |
| Formato: | Capítulo de Livro |
| Idioma: | inglês |
| Assuntos: | |
| Tags: |
Sem tags, seja o primeiro a adicionar uma tag!
|
MARC
| LEADER | 00000naa a2200000 4500 | ||
|---|---|---|---|
| 001 | r008149 | ||
| 005 | 20221130112703.4 | ||
| 041 | 0 | |a eng | |
| 044 | |a NL | ||
| 245 | 1 | 0 | |a <An> empirical analysis of software and hardware spending. |c V. Gurbaxani, H. Mendelson |
| 520 | |a Empirická analýza rastu rozpočtov informačných systémov, ako sa prejavujú v ich hlavných komponentoch, hardware a software. Z makroekonomického hľadiska rastú náklady na hardware i software exponenciálne, a to rovnakou rýchlosťou. | ||
| 610 | 2 | 0 | |a náklady |
| 610 | 2 | 0 | |a softvér |
| 610 | 2 | 0 | |a hardvér |
| 610 | 2 | 0 | |a rozpočet nákladov |
| 610 | 2 | 0 | |a systémy informačné |
| 610 | 2 | 0 | |a analýza nákladov |
| 610 | 2 | 0 | |a metódy ekonomicko-matematické |
| 100 | 1 | |a Gurbaxani, V. | |
| 700 | 1 | |a Mendelson, H. | |